Social welfare politics and public policy (Record no. 40923)

MARC details
000 -LEADER
fixed length control field 00376nam a2200145Ia 4500
008 - FIXED-LENGTH DATA ELEMENTS--GENERAL INFORMATION
fixed length control field 230917s9999||||xx |||||||||||||| ||und||
040 ## - CATALOGING SOURCE
-- 124813
Original cataloging agency VIVEKANANDA LIBRARY
041 ## - Language
-- English
082 ## - DDC NUMBER
Classification number 361.6 D615S
100 ## - MAIN ENTRY--PERSONAL NAME
Personal name Dinitto, Diana M
245 #0 - TITLE STATEMENT
Title Social welfare politics and public policy
260 ## - PUBLICATION, DISTRIBUTION, ETC. (IMPRINT)
Place of publication, distribution, etc New Jersey
Name of publisher, distributor, etc Prentice-Hall
Date of publication, distribution, etc 1983
300 ## - PHYSICAL DESCRIPTION
Pages xiv p. ; 257
942 ## - ADDED ENTRY ELEMENTS (KOHA)
Koha item type Books
Holdings
Withdrawn status Lost status Damaged status Not for loan Location (home branch) Sublocation or collection (holding branch) Date acquired Koha issues (times borrowed) Koha full call number Accession No. Koha date last seen Koha item type
        VIVEKANANDA LIBRARY VIVEKANANDA LIBRARY 27/08/2009   361.6 D615S 106946 17/09/2023 Books
        VIVEKANANDA LIBRARY VIVEKANANDA LIBRARY 27/08/2009   361.6 D615S 110598 17/09/2023 Books
© Designed and Maintained by Vivekananda Library, MDU Rohtak